000 00884nam a2200253 a 4500
001 000011636
005 20200929162518.0
008 091021s1969 ve 001 0 spa d
040 _aDO-SdBNP
_bspa
_cBNPHU
041 1 7 _aspa
_hfre
_2Código de idioma MARC
082 _a844.912
_bB641L
100 1 _aBlanchot, Maurice,
_d1907-2003
_927560
240 1 3 _aLivre a venir
_lFrancés
245 1 3 _aEl libro que vendra /
_cMaurice Blanchot ; traducción, Pierre de Place.
260 _aCaracas, Venezuela :
_bMonte Avila,
_c1969.
300 _a283, [3] p. ;
_c20 cm.
490 1 _aPrisma
534 _pTítulo original en francés:
_tLe livre a venir
_cFrancia : Editions Gallimard, 1959
650 4 _aEnsayos franceses
_92545
650 4 _aLiteratura francesas
_xCrítica e interpretación
_927561
700 1 _aPlace, Pierre de,
_etr.
_927562
830 0 _aPrisma
_93770
049 _aBNGR
999 _c11329
_d11329